1083 1434 1304 1317 1023 1075 1439 1741 1979 1526 1963 1377 1168 1993 1266 1267 1599 1223 1979 1282 1231 1395 1400 1169 1694 1222 1059 1358 1608 1821 1366 1223 1788 1869 1987 1769 1508 1888 1301 1288 1751 1652 1110 1038 1361 1593 1946 1692 1262 1500 1711 1466 1433 1128 1409 1730 1927 1971 1391 1756 1867 1480 1164 1546 1732 1675 1315 1663 1494 1483 1206 1064 1594 1170 1043 1739 1275 1723 1390 1867 1314 1565 1683 1378 1018 1081 1073 1358 1179 1653 1456 1133 1609 1171 1125 1121 1579 1069 1915 BCNSPRNW ULIB Ver.6.0+V

เปลี่ยนเป็นภาษาไทย

Change to English
 แสดงรายละเอียดบรรณานุกรม
  กลับหน้าหลัก

Brief Record : Get Marc (ISO 2709) : E-mail record : QR code < ปิดหน้าต่าง
LEADER : 00000nam 2200000uu 4500
001    13399114994
003     ULIB
008    110627s2551||||th 000 0 tha d
020    9789741098170
090    นว.^bว354ร
100 0  วลีวิไล
245 00 รักฉันไหมหัวใจฝากถาม/^cวลีวิไล
250    พิมพ์ครั้งที่ 2
260    กรุงเทพฯ :^bแจ่มใส,^c2551
300    397 หน้า
710 1  แจ่มใส
945    ^p239^l0^i024481
995    ทศพร
999 ^a ใช้งานได้ทุกระบบ
รายการนี้ยังไม่มีแท็ก
คุณยังไม่ได้ล็อกอิน คุณสามารถมีกิจกรรมร่วมกับเว็บไซต์ได้ แต่ต้องล็อกอินก่อน ::
  ล็อกอิน

รายการสื่อสารสนเทศ

ลำดับที่ ประเภท เลขเรียก/บาร์โค้ด สถานที่ สถานะ
1. นวนิยาย
นวนิยาย
นว. ว354ร ฉ.1 
  Barcode: 024481
ห้องสมุดวิทยาเขตสวรรค์ประชารักษ์
►นวนิยาย
บนชั้น
  ขอยืม

BibComment


ยังไม่เคยถูกคอมเมนท์

คอมเมนท์ทรัพยากรรายการนี้
  คอมเมนท์: รักฉันไหมหัวใจฝาก..


 Copyright 2026. Bcnsprnw @Library